Name The Pokemon - Statistics

General Stats
  • This quiz has been taken 13 times
  • The average score is 16 of 21
Answer Stats
Hint Answer % Correct
The Game's Mascot And Can Use Electric Attacks e.g. Thunderbolt Pikachu
100%
The Water Type That Will Evolve Into Wartortle And Then Blastoise Squirtle
100%
The Evolved Form Of The Above Charizard
92%
The Small Fire Type That Is One Of The Original Starters Charmander
92%
The Evolved Form Of The Above Charmeleon
92%
The Pokemon Who Was The Main Villain Of The First Movie And Is A Legendary Psychic Type Mewtwo
92%
The Pokemon That Can Cause Nightmares And Is A Legendary Darkrai
75%
The Legendary Fire Type That Is Also A Member Of The Three Dogs Entei
75%
The Evolved Form Of The Above Gabite
75%
The Final Evolution Of #12 Garchomp
75%
Ground/Dragon Type Which You Find In Gen 4 With A Cave Being A Popular Place To Find It. Gible
75%
The Evolved Form Of The Above (Can Learn Bone Rush, Force Palm And Aura Sphere) Lucario
75%
The Legendary Electric Type Who Is The Final Member Of The Dogs Raikou
75%
The Legendary Water Type That Is Referred To As One Of The Three Dogs Suicune
75%
The Legendary Pokemon That Can Transform Into Different Forms And Is A Psychic Type (Starts With D) Deoxys
67%
The Dark Type Which Has Three Heads Hydreigon
67%
The Pokemon That You Eventually Receive From An Egg In Pokemon Diamond And Pearl (Small Fighting Type And Is Blue) Riolu
67%
The Legendary Psychic Pokemon Which You Can Find In Gen 4 And Has A Crescent Like Head Cresselia
58%
The Second Evolution Of The Above Luxio
58%
The Final Evolution Of #3 Luxray
58%
The Electric Pokemon That You Can Catch In Gen 4 Which Starts With S And Is A Dark Colour Shinx
58%
No matching quizzes found
Score Distribution
Percent of People with Each Score
Percentile by Number Answered
Your Score History
You have not taken this quiz